| 000 | 01477nam a22003135a 4500 | ||
|---|---|---|---|
| 003 | OSt | ||
| 005 | 20160908104007.0 | ||
| 008 | 160824s2010 le frb 000 0 ara d | ||
| 020 | _a9789953524986 | ||
| 020 | _a9953524986 | ||
| 040 |
_aEG-ScBUE _bara _cEG-ScBUE |
||
| 041 |
_aara _aeng |
||
| 043 | _af-ua--- | ||
| 082 | 0 | 4 |
_a346.02 _bإ س م _222 |
| 100 | 1 |
_941071 _aإسماعيل، محمد عبد المجيد، _d1967- |
|
| 245 | 1 | 0 |
_aتأملات في العقود الدولية وأثر العولمة على عقود الدولة : _bمع دراسة نقدية تحليلية لاتفاقية الأمم المتحدة لمكافحة الفساد ونظرات في قانون المناقصات والمزايدات المصري / _cمحمد عبد المجيد إسماعيل. |
| 250 | _aط. 1. | ||
| 260 |
_aبيروت : _bمنشورات الحلبي الحقوقية، _c2010. |
||
| 300 |
_a680 ص. ؛ _c24 سم. |
||
| 500 | _aيشتمل على ملاحق. | ||
| 504 | _aيشتمل على إرجاعات ببليوجرافية. | ||
| 546 | _aالنص باللغتين العربية والإنجليزية. | ||
| 630 | 0 | 7 |
_aإتفاقية الأمم المتحدة لمكافحة الفساد _d(2003) _2BUEsh _940876 |
| 650 | 7 |
_aالعقود الدولية. _2BUEsh _940877 |
|
| 650 | 7 |
_aالمناقصات والمزايدات _xقوانين وتشريعات _zمصر. _2BUEsh _940878 |
|
| 651 | _2BUEsh | ||
| 653 |
_bLLAAWW _cAugust 2016 |
||
| 942 | _2ddc | ||
| 999 |
_c22232 _d22204 |
||